| 000 | 00546nab a2200157Ia 4500 | ||
|---|---|---|---|
| 003 | ES-SlBCS | ||
| 005 | 20210601134126.0 | ||
| 008 | 140529s2013 xxu||||| |||| 00| 0 por d | ||
| 041 | _apor | ||
| 100 | 1 |
_aFávero, Altair Alberto _9213893 |
|
| 245 | 0 | 0 |
_aEpistemologia da complexidade e didática complexa: princípios e desafios _c Altair Alberto Fávero, Gionara Tauchen |
| 650 | 0 | 4 |
_aEpistemología _986254 |
| 700 | 1 |
_aTauchen, Gionara _9213894 |
|
| 773 | 0 |
_tEducaçao e Filosofia _gvol. 27, nº. 53, 2013, págs. 175-192 _wRev1534 |
|
| 942 | _cAR | ||
| 999 |
_c607488 _d607488 |
||